| 000 | 00550nam a2200181Ia 4500 | ||
|---|---|---|---|
| 003 | OSt | ||
| 005 | 20200630112746.0 | ||
| 008 | 190216s9999||||xx |||||||||||||| ||und|| | ||
| 020 | _a8185229600 | ||
| 040 | _coclc | ||
| 082 |
_a934 _bRAT/U |
||
| 100 |
_aRatnagar, Shereen _92721 |
||
| 245 | 0 |
_aUnderstanding Harappa Civilization In The Greater Indus Valley / _cShereen Ratnagar |
|
| 260 |
_bTulika Publishers, _c2001. _aNew Delhi: |
||
| 300 | _a138p | ||
| 650 | _aIndian History | ||
| 942 |
_cBK _2ddc _h934 _iRAT/U _k934 _mRAT/U |
||
| 999 |
_c21196 _d21196 |
||